Современное содержание земельного кадастра: учебное пособие для вузов

Bibliografiske detaljer
Hovedforfatter: Сулин М. А. Михаил Александрович
Andre forfattere: Павлова В. А. Виктория Александровна, Шишов Д. А. Дмитрий Анатольевич
Summary:Отражены теоретические основы земельного кадастра. Приведено описание земельного фонда РФ и его использование. Особое внимание уделено государственной регистрации прав на земельный участок и его обременениям. Рассмотрены вопросы количественного и качественного учета земель, ведения земельного кадастра в современных условиях, организации оборота земли и недвижимости, рыночной оценки земли, а также правового обоснования земельно-кадастровых действий. Предназначено для студентов вузов, а также специалистов-землеустроителей .
Sprog:russisk
Udgivet: Москва, Проспект Науки, 2011
Fag:
Format: MixedMaterials Bog
KOHA link:https://koha.lib.tpu.ru/cgi-bin/koha/opac-detail.pl?biblionumber=195491

MARC

LEADER 00000nam0a2200000 4500
001 195491
005 20231101224631.0
010 |a 9785903090426 
035 |a (RuTPU)RU\TPU\book\213285 
090 |a 195491 
100 |a 20110511d2011 m y0rusy50 ca 
101 0 |a rus 
102 |a RU 
105 |a a j 001zy 
200 1 |a Современное содержание земельного кадастра  |e учебное пособие для вузов  |f М. А. Сулин, В. А. Павлова, Д. А. Шишов 
210 |a Москва  |c Проспект Науки  |d 2011 
215 |a 272 с.  |c ил. 
320 |a Библиогр.: с. 271. 
330 |a Отражены теоретические основы земельного кадастра. Приведено описание земельного фонда РФ и его использование. Особое внимание уделено государственной регистрации прав на земельный участок и его обременениям. Рассмотрены вопросы количественного и качественного учета земель, ведения земельного кадастра в современных условиях, организации оборота земли и недвижимости, рыночной оценки земли, а также правового обоснования земельно-кадастровых действий. Предназначено для студентов вузов, а также специалистов-землеустроителей . 
606 1 |a Земельное право  |2 stltpush  |3 (RuTPU)RU\TPU\subj\68126  |9 83644 
610 1 |a земельный кадастр 
610 1 |a правовое обеспечение 
610 1 |a теория 
610 1 |a земельный фонд 
610 1 |a Российская Федерация 
610 1 |a земельные участки 
610 1 |a государственная регистрация 
610 1 |a обременения 
610 1 |a количественный учет 
610 1 |a качественный учет 
610 1 |a документация 
610 1 |a кадастровая оценка 
610 1 |a оборот 
610 1 |a правовое регулирование 
610 1 |a учебные пособия 
686 |a Х625я73  |v LBC/SL-A  |2 rubbk 
700 1 |a Сулин  |b М. А.  |g Михаил Александрович 
701 1 |a Павлова  |b В. А.  |g Виктория Александровна 
701 1 |a Шишов  |b Д. А.  |g Дмитрий Анатольевич 
801 1 |a RU  |b 63413507  |c 20110511 
801 2 |a RU  |b 63413507  |c 20211011  |g RCR 
900 |a Земельный кадастр и мониторинг земель 
942 |c BK 
959 |a 49/20110511  |d 5  |e 640,00  |f ЧЗТЛ:1  |f АНЛ:1  |f УФ:3